| 000 | 00725nam a2200241 a 4500 | ||
|---|---|---|---|
| 001 | 00004199 | ||
| 008 | 110328s1996 nyua g 000 0 eng d | ||
| 020 |
_a00071145133 : _c _8.50 |
||
| 040 |
_aBD-DhIUB _cBD-DhIUB |
||
| 082 | 0 | 4 |
_a428.9 _219 |
| 100 | 1 | _aBlass, Laurie | |
| 245 | 0 | 0 |
_aA Content - based writing book : _bmosaic two / _cLaurie Blass, Meredith Baky-Pike |
| 250 | _a3rd. ed. | ||
| 260 |
_aNew York : _bThe McGraw-Hill, Inc., _c1996. |
||
| 300 |
_axiv, 244 p. : _bill. ; _c23 cm. |
||
| 520 | 0 | _aLanguage and Literature | |
| 556 | _a1998-10-07 | ||
| 650 | 1 | 7 |
_aEnglish language _2Spines |
| 650 | 1 | 7 |
_aWriting _2Spines |
| 700 | 1 | _aBaky-Pike, Meredith | |
| 999 |
_c12461 _d12461 |
||
| 526 | _beng | ||